000 00485cam a2200193ua 4500
001 225
005 20260515113134.0
008 110324n ii |||gr||||Z||||||eng
040 _cMAIN
082 _a301
245 _aPrinciples of sociology.
_cBy Ram Nath Sharma.
250 _a1st.
260 _aNew Delhi.:
_bAsia publishing house.,968.
300 _axiii, 460 p.:5 cm.
653 _aSociology.
653 _aPrinciples of sociology.
700 1 _aSharma, Ram Nath.,
942 _cBK
999 _c192
_d192